000 00318nam a2200145Ia 4500
008 230917s9999||||xx |||||||||||||| ||und||
040 _e153624
_aMAIN
041 _aEnglish
082 _a294.1 A64J
100 _aAgnivesh
245 0 _aVedic samajvad
260 _aRohtak
_bRajcharm
300 _a90 p.
942 _cBK
999 _c73763
_d73763